Krishnayan: (Record no. 184235)

MARC details
000 -LEADER
fixed length control field 00651nam a22001937a 4500
005 - DATE AND TIME OF LATEST TRANSACTION
control field 20220117101647.0
010 ## - LCCN (DPL NO)
LC control number ENG-131156
020 ## - INTERNATIONAL STANDARD BOOK NUMBER
International Standard Book Number 978-1-942426-53-0
Terms of availability 149.00
035 ## - SYSTEM CONTROL NUMBER
System control number EN-114688
037 ## - SOURCE OF ACQUISITION
Source of stock number/acquisition DBAD
082 ## - DEWEY DECIMAL CLASSIFICATION NUMBER
Classification number 230.1
100 ## - MAIN ENTRY--PERSONAL NAME
Personal name Vaidya, Kaajal Oza
245 ## - TITLE STATEMENT
Title Krishnayan:
Statement of responsibility, etc Kaajal Oza Vaidya, Translated by Subha Pande
260 ## - PUBLICATION, DISTRIBUTION, ETC. (IMPRINT)
Place of publication, distribution, etc Chennai
Name of publisher, distributor, etc Westland Publication Private Limited
Date of publication, distribution, etc 2021
270 ## - ADDRESS
City Chennai
Address 1st Floor, A Block, East Wing, Plot NO. 40, SP Infocity, Dr. MGR Salai, Perungudi, Kandanchavadi
Postal code 600096
300 ## - PHYSICAL DESCRIPTION
Extent 266.p.
Dimensions 20cm(pbk)
700 ## - ADDED ENTRY--PERSONAL NAME
Personal name Pande, Subha
942 ## - ADDED ENTRY ELEMENTS (KOHA)
Source of classification or shelving scheme Dewey Decimal Classification
Item type English Books
Classification part 230.1
Call number suffix VAI
Holdings
Withdrawn status Lost status Not for loan Collection code Home library Current library Date acquired Source of acquisition Cost, normal purchase price Full call number Barcode Copy number Cost, replacement price Koha item type
    Not For Loan Fiction D.B.Act.Division Mobile Library 17/01/2022 DBAD/PUB 499.00 230.1 VAI EN-114688 1 499.00 English Books

© Delhi Public Library
Hit Counter
free hit counter